000 00658nam a22002297a 4500
003 UA-OsUOA
001 93247
007 ta
008 20130116b un ||||| |||| 00| 0 ukr d
100 _aГейнс Э. Дж.
090 _a821.111
_bГ29
942 _cBK
040 _aUA-OsUOA
_brus
_cUA-OsUOA
_dUA-OsUOA
245 _aИ сошлись старики
_bавтобиография мисс Джейн Питтман: романы
300 _a360 с.
955 _a3
041 _arus
080 _a821.111
260 _aМ.
_bРадуга
_c1988
650 7 _a82 Література. Літературознавство
_2UDC
999 _c379461
_d379461